Beszámoló jelentés a József Attila Tudományegyetem Központi Könyvtár 1968. évi működéséről
Elmentve itt :
| Dokumentumtípus: | Könyv |
|---|---|
| Megjelent: |
1968
|
| Sorozat: | [Egyetemi könyvtári beszámolók]
|
| Online Access: | http://univ.bibl.u-szeged.hu/18743 |
| LEADER | 00553nam a2200145 i 4500 | ||
|---|---|---|---|
| 001 | univ18743 | ||
| 005 | 20201005111047.0 | ||
| 008 | 170615s1968 hu o 0|| zxx d | ||
| 040 | |a SZTE UnivHistória Repozitórium |b hun | ||
| 041 | |a zxx | ||
| 245 | 0 | 0 | |a Beszámoló jelentés a József Attila Tudományegyetem Központi Könyvtár 1968. évi működéséről |h [elektronikus dokumentum] |
| 260 | |c 1968 | ||
| 490 | 0 | |a [Egyetemi könyvtári beszámolók] | |
| 561 | |a Egyetemi könyvtár | ||
| 856 | 4 | 0 | |u http://univ.bibl.u-szeged.hu/18743/1/ek_besz_1968.pdf |z Dokumentum-elérés |